| 000 | 00348nam a2200109Ia 4500 | ||
|---|---|---|---|
| 008 | 230320s9999||||xx |||||||||||||| ||spa|| | ||
| 082 | _aTMI/2007/22 | ||
| 100 | _aLlanos Gamarra, Rafael Omar | ||
| 245 | 0 | _aDiseño Curricular De Aula De Idioma Extranjero (Inglés) Para El Primer Año De Educación Secundaria | |
| 260 | _bLima 2007 | ||
| 942 |
_80 _cLIB |
||
| 999 |
_c47468 _d47468 |
||